000 00326nam a2200133 i 4500
001 bg
100 1 _aVEJNSTEJN, B. K.
245 0 _aStrukture analysis by electron diffraction /
_cB.K. Vejnstejn.
260 _aNew York,
_c1964.
040 _cBPK
041 _apol
942 _cKS
008 s pl f |000 0 pol
999 _c26242
_d26242
856 _uhttp://koha.tu.koszalin.pl/cgi-bin/koha/opac-detail.pl?biblionumber=26242
_yKatalog online BPK